Burton's microbiology for the health sciences / (Record no. 362237)
[ view plain ]
| 000 -LEADER | |
|---|---|
| fixed length control field | 00593nam a2200157Ia 4500 |
| 008 - FIXED-LENGTH DATA ELEMENTS--GENERAL INFORMATION | |
| fixed length control field | 191001s9999 xx 000 0 und d |
| 020 ## - INTERNATIONAL STANDARD BOOK NUMBER | |
| International Standard Book Number | 9781975100643 |
| 100 ## - MAIN ENTRY--PERSONAL NAME | |
| Personal name | Engelkirk, Paul G. |
| 245 ## - TITLE STATEMENT | |
| Statement of responsibility, etc | Paul G. Engelkirk, Janet Duben-Engelkirk, Robert C. Fader.-- |
| Title | Burton's microbiology for the health sciences / |
| 250 ## - EDITION STATEMENT | |
| Edition statement | 11th |
| 260 ## - PUBLICATION, DISTRIBUTION, ETC. (IMPRINT) | |
| Place of publication, distribution, etc | Philadelphia : |
| Name of publisher, distributor, etc | Wolters Kluwer |
| Date of publication, distribution, etc | 2019 |
| 300 ## - PHYSICAL DESCRIPTION | |
| Extent | xv, 477 pages ; |
| Other physical details | collor illustrations |
| Dimensions | 28 cm |
| 500 ## - GENERAL NOTE | |
| General note | Includes bibliographical references and index. |
| 650 ## - SUBJECT ADDED ENTRY--TOPICAL TERM | |
| Topical term or geographic name as entry element | Communicable Diseases--microbiology |
| 650 ## - SUBJECT ADDED ENTRY--TOPICAL TERM | |
| Topical term or geographic name as entry element | Microbiological Phenomena |
| Withdrawn status | Lost status | Damaged status | Home library | Current library | Shelving location | Date acquired | Source of acquisition | Total Checkouts | Full call number | Barcode | Date last seen | Price effective from | Koha item type |
|---|---|---|---|---|---|---|---|---|---|---|---|---|---|
| South SEED-LPDH College Library | South SEED-LPDH College Library | South SEED-LPDH College Section | 10/01/2019 | Library Fund | QR 41.2 .En57 2019 | SSLC1869 | 10/01/2019 | 10/01/2019 | Books |